Madagascar : Paraíso en peligro.

El medio ambiente de Madagascar. Los lémures: su hábitat y costumbres. Otras especies: osos perezosos. La isla Mauricio: origen geológico. Especies que la habitan. Aves, reptiles. La caña de azúcar. Pobladores. Turismo.

Guardado en:
Formato: Deslizar
Series:La tierra en que vivimos
Materias:
Etiquetas: Agregar Etiqueta
Sin Etiquetas, Sea el primero en etiquetar este registro!
LEADER 00997ngm a22002655g 4500
001 CEM.cems021910
008 130507b1993##################0###0#####d
005 20240919162209.0
245 0 0 |a Madagascar :  |b Paraíso en peligro. 
300 |a 40'. 
490 0 |a La tierra en que vivimos 
500 |a En soporte VHS, consultar en ventanilla. 
520 |a El medio ambiente de Madagascar. Los lémures: su hábitat y costumbres. Otras especies: osos perezosos. La isla Mauricio: origen geológico. Especies que la habitan. Aves, reptiles. La caña de azúcar. Pobladores. Turismo. 
538 |a Soporte: VHS - Norma: Pal N - Color - Grabación DRD 1993 - Hitachi=4802 
082 5 9 |. 9/COS 
653 |a GEOGRAFIA 
653 |a ZOOLOGIA 
653 |a MADAGASCAR 
653 |a CAÑA DE AZUCAR 
653 |a ECOLOGIA 
653 |a TURISMO 
653 |a ANIMALES 
653 |a NIVEL PRIMARIO 
653 |a NIVEL SECUNDARIO 
859 |a CEMS  |b BIB. CEMS - Depto. Recursos Didacticos  |h 591.9  |i COS  |k DRD  |p 553.12  |t Ej.1